|
|
|
|
| LEADER |
01317nam a2200337 a 4500 |
| 001 |
33253 |
| 003 |
BD-DhAAL |
| 005 |
20180708112832.0 |
| 008 |
180707t1998 ii a b 000 0beng |
| 999 |
|
|
|c 39610
|d 39610
|
| 010 |
|
|
|a 98903408
|
| 020 |
|
|
|a 8170237483
|
| 025 |
|
|
|a I-E-98-903408; 92-13; 28-91
|
| 040 |
|
|
|a DLC
|c DLC
|d DLC
|d BD-DhAAL
|
| 042 |
|
|
|a lcode
|
| 043 |
|
|
|a a-ii---
|
| 050 |
0 |
0 |
|a PN1993.5.I8
|b S35 1998
|
| 082 |
0 |
0 |
|a 791.4302092
|2 21
|
| 245 |
0 |
0 |
|a Satyajit Ray, an intimate master /
|c edited by Santi Das.
|
| 260 |
|
|
|a New Delhi :
|b Allied,
|c 1998.
|
| 300 |
|
|
|a xvii, 238 pages :
|b illustrations ;
|c 19 cm.
|
| 504 |
|
|
|a Includes bibliographical references (pages [215]-232).
|
| 526 |
|
|
|a ARC
|
| 541 |
|
|
|e 33253
|
| 600 |
1 |
0 |
|a Ray, Satyajit,
|d 1921-1992.
|9 26740
|
| 650 |
|
0 |
|a Motion pictures
|z India
|x History.
|9 26741
|
| 650 |
|
0 |
|a Motion picture producers and directors
|z India.
|9 26742
|
| 700 |
1 |
|
|a Das, Santi,
|d 1946-
|9 26743
|
| 852 |
|
|
|a Department of Architecture
|c General Stacks
|
| 942 |
|
|
|2 ddc
|c BK
|
| 952 |
|
|
|0 0
|1 1
|2 ddc
|4 0
|6 791_430209200000000_SAT
|7 0
|9 63628
|a ARC
|b ARC
|c GEN
|d 2018-07-08
|l 0
|o 791.4302092 SAT
|p 3010033253
|r 2018-07-08
|t 1
|w 2018-07-08
|y BK
|x lost from the ARC department library and approved by the Dean (reasons personal books withdrawn by Hasibul Kabir Sir and Building shifting)
|